00779nam a2200217 a 450000100060000000300090000600800410001502000180005604000280007408200180010211000180012024500420013826000410018030000100022159000990023165000330033065000290036394200120039299900170040495201400042120802CO-ViMGA141112s2004 ck r 000 u spa d a9780821332566 aCO-ViMGAbspacCO-ViMGA04a332.1532 B151 aBanco Mundial10aBanco Mundial : bInforme anual 1996. aWashington : bBAnco Mundial, c1996 a282 p aForma de adquisición : Donación - - Precio : 10000 - - Fecha de adquisición : Junio 200614aDesarrollo economico 95412514aDesarrollo social914352 2ddccBK c29749d29749 00102ddc40708002aMEVIECARbMEVIECARd2015-12-04h11/jun/2009l0o332.1532 B151 p20802r2015-12-04 00:00:00tEj. 1w2015-12-04yBK